ბათუმის შოთა რუსთაველის სახელმწიფო უნივერსიტეტის ბიბლიოთეკა

Монтаж оборудования предприятий химической и нефте-химической промишленности. (ბიბ.ჩანაწერი № 37359)

000 -LEADER
fixed length control field 00819nam a2200217Ia 4500
001 - CONTROL NUMBER
control field 3318
003 - CONTROL NUMBER IDENTIFIER
control field GE_BSU
008 - FIXED-LENGTH DATA ELEMENTS--GENERAL INFORMATION
fixed length control field 181216s||||||||xx |||||||||||||| ||und||
040 ## - CATALOGING SOURCE
Transcribing agency GE_BSU
080 ## - UNIVERSAL DECIMAL CLASSIFICATION NUMBER
Universal Decimal Classification number 66.023(075.32)
100 ## - MAIN ENTRY--PERSONAL NAME
Personal name Гайдамак,К.М. Тыркин,Б.А.
245 ## - TITLE STATEMENT
Title Монтаж оборудования предприятий химической и нефте-химической промишленности.
245 ## - TITLE STATEMENT
Remainder of title Учебное пособие.
245 ## - TITLE STATEMENT
Statement of responsibility, etc. Ред.А.П.Николаева.
260 ## - PUBLICATION, DISTRIBUTION, ETC.
Place of publication, distribution, etc. М.
260 ## - PUBLICATION, DISTRIBUTION, ETC.
Name of publisher, distributor, etc. Высшая школа.
260 ## - PUBLICATION, DISTRIBUTION, ETC.
Date of publication, distribution, etc. 1974.
300 ## - PHYSICAL DESCRIPTION
Extent 286стр.с илл.
653 ## - INDEX TERM--UNCONTROLLED
Uncontrolled term Монтаж оборудования предприятий химической и нефте-химической промишленности.
942 ## - ADDED ENTRY ELEMENTS (KOHA)
Koha item type წიგნი
ეგზემპლარები
Withdrawn status Lost status Damaged status Not for loan Date acquired Barcode Date last seen Price effective from Koha item type
        2018-12-17 9332 2018-12-17 2018-12-17 წიგნი
        2018-12-17 9333 2018-12-17 2018-12-17 წიგნი